| 000 | 01332nam2a22002531 4500 | ||
|---|---|---|---|
| 001 | rc\751495 | ||
| 005 | 20250622134812.0 | ||
| 035 | _a(NLR Aleph) 006322433 | ||
| 090 |
_a7463919 _c7463919 |
||
| 100 | _a20040301d1985 |||y0rusy50 ca | ||
| 101 | 0 | _arus | |
| 102 | _aRU | ||
| 105 | _aa ||||||||| | ||
| 200 | 1 | _aПрименение экспериментальных методов для решения задач прочности | |
| 210 |
_d1985 _aБ. м. |
||
| 215 |
_a106 с. _cил. |
||
| 225 | 1 |
_a... _vВып. 660 |
|
| 320 | _aБиблиогр.: с. 101-106 | ||
| 461 | 0 |
_1001rc\751494 _12001#$aЭкспериментальные исследования деформаций в зонах концентрации напряжений$e(По материалам открытой иностр. печати за 1973-1983 гг.)$f[Сост. Ю.А. Свирский и др.]$vЧ. 2 _97463913 _cМ. _d1985 _f[Сост. Ю.А. Свирский и др.] _nЦАГИ _o(По материалам открытой иностр. печати за 1973-1983 гг.) _tЭкспериментальные исследования деформаций в зонах концентрации напряжений _vЧ. 2 |
|
| 801 | 0 |
_aRU _bNLR _gpsbo |
|
| 801 | 1 |
_aRU _bELAR _2rusmarc |
|
| 852 |
_aNLR _jП11/2256 |
||
| 942 | _cBOOK | ||
| 980 | _aNB | ||